| 000 | 00532nam a22001697a 4500 | ||
|---|---|---|---|
| 005 | 20251108174956.0 | ||
| 008 | 250721s9999 xx 000 0 ara d | ||
| 082 | 1 | 4 | _aم/338.9/تقر |
| 245 | 1 | 0 | _aتقرير الإسكوا السنوي2009 : عام في سطور / |
| 264 | 1 |
_aبيروت : _bالاسكوا، |
|
| 300 | _a63ص. | ||
| 650 | 1 | 7 | _aاللجنة الاقتصادية و الاجتماعية لغرب آسيا |
| 650 | 1 | 7 | _aالاقتصاد |
| 650 | 1 | 7 | _aالتقارير |
| 942 |
_2ddc _cREF |
||
| 999 |
_c122939 _d122939 |
||